[Event "CHN-chT (Women)"]
[Site "Hangzhou"]
[Date "2023.05.26"]
[Round "8.1"]
[White "Zhai, Mo"]
[Black "Li, Xueyi"]
[Result "1-0"]
[WhiteElo "2354"]
[BlackElo "2276"]
[PlyCount "85"]
[EventDate "2023.05.19"]
[EventType "team-swiss"]
[EventRounds "9"]
[EventCountry "CHN"]
[SourceTitle "CBM 214 Extra"]
[Source "ChessBase"]
[SourceDate "2023.07.31"]
[SourceVersion "1"]
[SourceVersionDate "2023.07.31"]
[SourceQuality "1"]
[WhiteTeam "Hebei (W)"]
[BlackTeam "Shenzhen (W)"]
[WhiteTeamCountry "CHN"]
[BlackTeamCountry "CHN"]

1. d4 d5 2. c4 c6 3. Nf3 Nf6 4. Qc2 g6 5. cxd5 cxd5 6. Nc3 Bg7 7. Bf4 Nc6 8. e3 0-0 9. Be2 Bf5 10. Qb3 Na5 11. Qb4 Ne4 12. 0-0 Nxc3 13. bxc3 Bg4 14. Rfe1 Rc8 15. Bg5 Re8 16. h3 Bf5 17. Nd2 Qc7 18. Bf3 Bf8 19. Rac1 Bd3 20. Qb2 Nc4 21. Nxc4 Bxc4 22. Bf4 Qb6 23. Qxb6 axb6 24. Rb1 Bxa2 25. Rb2 Bc4 26. Rxb6 e6 27. Rxb7 Bd3 28. Ra1 Ra8 29. Raa7 Rxa7 30. Rxa7 Rc8 31. g4 f6 32. Bc7 g5 33. Bd1 Bb5 34. Bc2 Bc6 35. Bb6 Bg7 36. Re7 Re8 37. Rc7 Bb5 38. e4 Ra8 39. exd5 exd5 40. Bb3 Ra1+ 41. Kh2 Bf8 42. Bxd5+ Kh8 43. Bc5 1-0

[Event "CHN-chT (Women)"]
[Site "Hangzhou"]
[Date "2023.05.22"]
[Round "4.1"]
[White "Li, Xueyi"]
[Black "Yan, Tianqi"]
[Result "1-0"]
[WhiteElo "2276"]
[BlackElo "2220"]
[PlyCount "69"]
[EventDate "2023.05.19"]
[EventType "team-swiss"]
[EventRounds "9"]
[EventCountry "CHN"]
[SourceTitle "CBM 214 Extra"]
[Source "ChessBase"]
[SourceDate "2023.07.31"]
[SourceVersion "1"]
[SourceVersionDate "2023.07.31"]
[SourceQuality "1"]
[WhiteTeam "Shenzhen (W)"]
[BlackTeam "Hangzhou (W)"]
[WhiteTeamCountry "CHN"]
[BlackTeamCountry "CHN"]

1. d4 Nf6 2. c4 e6 3. g3 d5 4. Bg2 dxc4 5. Nf3 a6 6. Ne5 Bb4+ 7. Nc3 Nd5 8. 0-0 Nb6 9. Na4 0-0 10. Nxb6 cxb6 11. Nxc4 Nc6 12. Be3 b5 13. d5 exd5 14. Nb6 Rb8 15. Nxd5 Ba5 16. Bc5 Re8 17. b4 b6 18. Ne7+ Nxe7 19. Qxd8 Rxd8 20. Bxe7 Rd7 21. Rfd1 Rxd1+ 22. Rxd1 Be6 23. bxa5 bxa5 24. Rd8+ Rxd8 25. Bxd8 a4 26. a3 Bc8 27. Ba5 f5 28. Bd5+ Kf8 29. h4 Ke7 30. Bb4+ Kd7 31. h5 Kc7 32. Ba5+ Kd6 33. Bg8 Kc5 34. Bxh7 Kc4 35. Bg8+ 1-0

[Event "CHN-ch (Women)"]
[Site "Xinghua"]
[Date "2023.05.15"]
[Round "10"]
[White "Li, Xueyi"]
[Black "Lu, Miaoyi"]
[Result "1-0"]
[WhiteElo "2276"]
[BlackElo "2229"]
[PlyCount "53"]
[EventDate "2023.05.06"]
[EventType "tourn"]
[EventRounds "11"]
[EventCountry "CHN"]
[SourceTitle "CBM 215 Extra"]
[Source "ChessBase"]
[SourceDate "2023.09.30"]
[SourceVersion "1"]
[SourceVersionDate "2023.09.30"]
[SourceQuality "1"]

1. d4 Nf6 2. c4 c5 3. Nf3 cxd4 4. Nxd4 b6 5. Nc3 Bb7 6. Bf4 a6 7. Nf3 b5 8. e3 Qa5 9. Be2 b4 10. Nb1 d6 11. 0-0 g5 12. Nxg5 e5 13. Bf3 e4 14. Qd4 Qf5 15. Nxe4 Bxe4 16. Bxe4 Qxe4 17. Qxf6 Rg8 18. Bg3 Qc2 19. Qd4 Bg7 20. Qd5 Ra7 21. Nd2 Bxb2 22. Rab1 Re7 23. Qa8 Kd7 24. Qb7+ Ke6 25. Qd5+ Kf6 26. Bh4+ Kg7 27. Bxe7 1-0

[Event "CHN-ch (Women)"]
[Site "Xinghua"]
[Date "2023.05.13"]
[Round "8"]
[White "Li, Xueyi"]
[Black "Zhai, Mo"]
[Result "1/2-1/2"]
[WhiteElo "2276"]
[BlackElo "2354"]
[PlyCount "161"]
[EventDate "2023.05.06"]
[EventType "tourn"]
[EventRounds "11"]
[EventCountry "CHN"]
[SourceTitle "CBM 215 Extra"]
[Source "ChessBase"]
[SourceDate "2023.09.30"]
[SourceVersion "1"]
[SourceVersionDate "2023.09.30"]
[SourceQuality "1"]

1. d4 d5 2. c4 e6 3. Nf3 Nf6 4. g3 dxc4 5. Bg2 a6 6. 0-0 Nc6 7. a4 Rb8 8. a5 Bb4 9. Ra4 Be7 10. Nbd2 b5 11. axb6 cxb6 12. Rxc4 Bb7 13. Ne5 Nxe5 14. dxe5 Nd5 15. Rd4 b5 16. e4 Qb6 17. Nb3 Nb4 18. Rd7 Rd8 19. Rxe7+ Kxe7 20. Qg4 Kd7 21. Be3 Qc7 22. Qxg7 Kc8 23. Bc5 Rhg8 24. Qh6 Rg6 25. Qh5 Nd3 26. Bd6 Qc2 27. Na5 Nf4 28. Qf3 Nxg2 29. Nxb7 Kxb7 30. Qxf7+ Ka8 31. Kxg2 Qxe4+ 32. Kg1 Rc8 33. b4 Qb7 34. Qf4 Rc4 35. Qd2 Qc6 36. Bc5 Qc7 37. Ra1 Kb7 38. Qd3 Qc6 39. Qd8 Rg7 40. Rd1 Rf7 41. h4 h5 42. Bd6 Qc8 43. Qg5 Rc2 44. Bc5 Rxc5 45. bxc5 Qxc5 46. Qd2 Qxe5 47. Qd8 Qc7 48. Qg5 Rf5 49. Qe3 Qc6 50. Rc1 Qd5 51. Qh6 Rf7 52. Re1 Qf5 53. Qe3 Rc7 54. Rd1 b4 55. Rd6 Qb5 56. Qe4+ Ka7 57. Qe3+ Qc5 58. Qxe6 a5 59. Rd5 Qb6 60. Qf5 Ka6 61. Qd3+ Ka7 62. Qf5 Ka6 63. Qd3+ Ka7 64. Qd2 a4 65. Qg5 Qc6 66. Qe3+ Kb7 67. Qe4 Ka6 68. Qe2+ Kb6 69. Qe3+ Ka6 70. Qe5 Rd7 71. Qe2+ Kb6 72. Qe3+ Kb7 73. Rxd7+ Qxd7 74. Qe4+ Ka6 75. Qxb4 Qd1+ 76. Kh2 Qb3 77. Qd6+ Qb6 78. Qf8 Qa5 79. Qa8+ Kb6 80. Qd8+ Kb5 81. Qd5+ 1/2-1/2

[Event "CHN-ch (Women)"]
[Site "Xinghua"]
[Date "2023.05.12"]
[Round "7"]
[White "Li, Xueyi"]
[Black "Yan, Tianqi"]
[Result "1/2-1/2"]
[WhiteElo "2276"]
[BlackElo "2220"]
[PlyCount "75"]
[EventDate "2023.05.06"]
[EventType "tourn"]
[EventRounds "11"]
[EventCountry "CHN"]
[SourceTitle "CBM 215 Extra"]
[Source "ChessBase"]
[SourceDate "2023.09.30"]
[SourceVersion "1"]
[SourceVersionDate "2023.09.30"]
[SourceQuality "1"]

1. d4 Nf6 2. c4 e6 3. g3 d5 4. Bg2 dxc4 5. Nf3 a6 6. 0-0 Nc6 7. a4 Rb8 8. a5 Be7 9. Qa4 0-0 10. Qxc4 Qd5 11. Qa4 Qb5 12. Qc2 Qf5 13. Qd1 e5 14. Nxe5 Nxe5 15. dxe5 Qxe5 16. Nc3 Rd8 17. Bf4 Qc5 18. Qc1 Bd6 19. Bg5 Be5 20. Bxf6 Bxf6 21. Ne4 Qxc1 22. Nxf6+ gxf6 23. Rfxc1 c6 24. Rd1 Be6 25. f4 Bb3 26. Rxd8+ Rxd8 27. Ra3 Bc4 28. Re3 Rd2 29. b3 Be6 30. Re4 Bxb3 31. Rb4 Be6 32. Rxb7 Rxe2 33. Rb6 c5 34. Rxa6 c4 35. Bf1 Ra2 36. Rc6 Rxa5 37. Bxc4 Ra1+ 38. Kf2 1/2-1/2

[Event "CHN-chT (Women)"]
[Site "Nanjing"]
[Date "2023.02.20"]
[Round "7.1"]
[White "Ning, Kaiyu"]
[Black "Li, Xueyi"]
[Result "1/2-1/2"]
[WhiteElo "2387"]
[BlackElo "2277"]
[PlyCount "98"]
[EventDate "2023.02.14"]
[EventType "team-swiss"]
[EventRounds "9"]
[EventCountry "CHN"]
[SourceTitle "CBM 212 Extra"]
[Source "ChessBase"]
[SourceDate "2023.03.31"]
[SourceVersion "1"]
[SourceVersionDate "2023.03.31"]
[SourceQuality "1"]
[WhiteTeam "Shanghai (W)"]
[BlackTeam "Shenzhen (W)"]
[WhiteTeamCountry "CHN"]
[BlackTeamCountry "CHN"]

1. d4 d5 2. c4 c6 3. Nf3 Nf6 4. e3 Bf5 5. Nc3 e6 6. Nh4 Be4 7. f3 Bg6 8. Qb3 Qc7 9. Bd2 Be7 10. Nxg6 hxg6 11. cxd5 Nxd5 12. 0-0-0 Nxc3 13. Bxc3 a5 14. e4 a4 15. Qc2 b5 16. d5 e5 17. dxc6 0-0 18. Bxb5 a3 19. Kb1 Rc8 20. b3 Nxc6 21. Rc1 Qb6 22. Bc4 Nd4 23. Bxd4 Qxd4 24. Qe2 Bg5 25. Rhd1 Qa7 26. Rc2 Be3 27. h4 Bd4 28. f4 Qe7 29. h5 gxh5 30. Qxh5 Qf6 31. fxe5 Bxe5 32. Rf1 Bf4 33. Qxf7+ Qxf7 34. Bxf7+ Kxf7 35. g3 Rxc2 36. Kxc2 Rc8+ 37. Kd3 Rc1 38. Rxf4+ Ke6 39. Rg4 Kf6 40. e5+ Kxe5 41. Rxg7 Ra1 42. Ra7 Rxa2 43. Kc3 Rg2 44. Rxa3 Rxg3+ 45. Kb4 Kd6 46. Ra7 Kc6 47. Rf7 Kb6 48. Ka4 Rg4+ 49. b4 Rg6 1/2-1/2

[Event "CHN-chT (Women)"]
[Site "Nanjing"]
[Date "2023.02.19"]
[Round "6.1"]
[White "Chu, Ruotong"]
[Black "Li, Xueyi"]
[Result "1/2-1/2"]
[WhiteElo "2217"]
[BlackElo "2277"]
[PlyCount "60"]
[EventDate "2023.02.14"]
[EventType "team-swiss"]
[EventRounds "9"]
[EventCountry "CHN"]
[SourceTitle "CBM 212 Extra"]
[Source "ChessBase"]
[SourceDate "2023.03.31"]
[SourceVersion "1"]
[SourceVersionDate "2023.03.31"]
[SourceQuality "1"]
[WhiteTeam "Chengdu (W)"]
[BlackTeam "Shenzhen (W)"]
[WhiteTeamCountry "CHN"]
[BlackTeamCountry "CHN"]

1. d4 Nf6 2. c4 g6 3. Nc3 d5 4. Bf4 Bg7 5. Rc1 0-0 6. Nf3 dxc4 7. e3 c5 8. Bxc4 cxd4 9. Nxd4 Bd7 10. 0-0 Nc6 11. Nb3 Na5 12. Nxa5 Qxa5 13. Nd5 Nxd5 14. Qxd5 Qxd5 15. Bxd5 Rac8 16. Bxb7 Rxc1 17. Rxc1 Bxb2 18. Rc7 Be6 19. Rxe7 Rd8 20. h3 Bf6 21. Rc7 g5 22. Bg3 Rd1+ 23. Kh2 Ra1 24. Bc8 Rxa2 25. Bxe6 fxe6 26. Rc6 Kf7 27. Rc7+ Kg6 28. Rc6 Kf7 29. Rc7+ Kg6 30. Rc6 Kf7 1/2-1/2

[Event "CHN-chT Div A KO"]
[Site "Liaocheng"]
[Date "2023.02.10"]
[Round "5.2"]
[White "Ning, Kaiyu"]
[Black "Li, Xueyi"]
[Result "1/2-1/2"]
[WhiteElo "2387"]
[BlackElo "2277"]
[PlyCount "95"]
[EventDate "2023.02.06"]
[EventType "team-k.o."]
[EventRounds "6"]
[EventCountry "CHN"]
[SourceTitle "CBM 212 Extra"]
[Source "ChessBase"]
[SourceDate "2023.03.31"]
[SourceVersion "1"]
[SourceVersionDate "2023.03.31"]
[SourceQuality "1"]
[WhiteTeam "Shanghai"]
[BlackTeam "Shenzhen"]
[WhiteTeamCountry "CHN"]
[BlackTeamCountry "CHN"]

1. d4 d5 2. c4 c6 3. Nf3 Nf6 4. e3 e6 5. Nc3 Nbd7 6. Qc2 Bd6 7. Be2 0-0 8. 0-0 dxc4 9. Bxc4 b5 10. Be2 a6 11. Ng5 Bb7 12. e4 e5 13. dxe5 Bxe5 14. f4 Bd4+ 15. Kh1 h6 16. Nf3 Bb6 17. e5 Nd5 18. Ne4 c5 19. Nd6 Bc6 20. Qf5 Bc7 21. Bd3 N7f6 22. exf6 Nxf6 23. Ne4 Nxe4 24. Bxe4 g6 25. Qxc5 Bxe4 26. Be3 Bd6 27. Qd4 Bxf3 28. Rxf3 Be7 29. f5 Qxd4 30. Bxd4 Rfd8 31. Be3 g5 32. f6 Bf8 33. h4 gxh4 34. Rh3 Rd3 35. Rg1 Rxe3 36. Rxe3 Bc5 37. Re4 Bxg1 38. Kxg1 Rc8 39. Rg4+ Kf8 40. Rxh4 Rc1+ 41. Kh2 Rc2 42. Rxh6 Kg8 43. b4 Rxa2 44. Kg3 a5 45. Rh5 axb4 46. Rxb5 Ra6 47. Rg5+ Kh8 48. Rb5 1/2-1/2